| 000 | 00465nam a22001577a 4500 | ||
|---|---|---|---|
| 999 |
_c14835 _d14835 |
||
| 003 | OSt | ||
| 005 | 20200110145154.0 | ||
| 008 | 200110b ||||| |||| 00| 0 eng d | ||
| 040 | _c2 | ||
| 082 | _aDPer 364.05 J82 2012 v. 102, n. 3 | ||
| 100 |
_941190 _aDillon, Zach. |
||
| 245 |
_aSymposium on Overcriminalization/ _cZach Dillon. |
||
| 260 |
_aEvanston: _bNorthwestern University Press, _c©2012. |
||
| 300 |
_av102 n3, pages 525-528; _c25 cm. |
||
| 942 |
_2ddc _cPER |
||